1382 1208 1741 1461 1379 1864 1072 1737 1996 1675 1234 1056 1590 1265 1558 1212 1294 1284 1830 1329 1666 1138 1307 1355 1693 1788 1251 1963 1929 1193 1543 1426 1826 1872 1455 1864 1393 1859 1877 1001 1244 1496 1635 1336 1686 1049 1935 1066 1185 1416 1138 1762 1282 1231 1834 1728 1023 1573 1681 1221 1439 1596 1746 1134 1600 1573 1831 1270 1954 1271 1735 1866 1222 1416 1348 1270 1909 1160 1529 1586 1846 1868 1493 1790 1639 1234 1060 1131 1540 1186 1185 1675 1324 1748 1130 1983 1493 1653 1988 BCNSPRNW ULIB Ver.6.0+V

เปลี่ยนเป็นภาษาไทย

Change to English
 แสดงรายละเอียดบรรณานุกรม
  กลับหน้าหลัก

Brief Record : Get Marc (ISO 2709) : E-mail record : QR code < ปิดหน้าต่าง
LEADER : 00000nam 2200000uu 4500
001    13399123850
003     ULIB
008    141208s||||||||th 000 0 tha d
020    ^a9789749391921
099    ^aนว^bส988บ
100 0  ^aโสภี พรรณราย
245 00 ^a เหลี่ยมเพชรกะรัต^cโสภี พรรณราย
260    ^aกรุงเทพ :^bbeauty,^c2549
945    ^p270^l0^i019195
999    ^aกมลทิพย์ ธนสารสุธี
รายการนี้ยังไม่มีแท็ก
คุณยังไม่ได้ล็อกอิน คุณสามารถมีกิจกรรมร่วมกับเว็บไซต์ได้ แต่ต้องล็อกอินก่อน ::
  ล็อกอิน

รายการสื่อสารสนเทศ

ลำดับที่ ประเภท เลขเรียก/บาร์โค้ด สถานที่ สถานะ
1. นวนิยาย
นวนิยาย
นว ส988บ ฉ.1 
  Barcode: 019195
ห้องสมุดวิทยาเขตนครสวรรค์
►นวนิยาย:l:Fiction
บนชั้น

รายการใกล้เคียง
    ผู้แต่ง [โสภี พรรณราย]

BibComment


ยังไม่เคยถูกคอมเมนท์

คอมเมนท์ทรัพยากรรายการนี้
  คอมเมนท์: เหลี่ยมเพชรกะรั..


 Copyright 2026. Bcnsprnw @Library